000 00778nam a2200253Ia 4500
003 OSt
005 20220927103625.0
006 a|||||r|||| 00| 0
007 ta
008 220926b |||||||| |||| 00| 0 eng d
024 _a101033
037 _cReference Collections
040 _aRTL
_cRTL
_beng
041 _2eng
_aeng
082 _a"X9(J585):2, L4/UN"
110 _aUnited Nations Industrial Development Organization
245 0 _aCastor oil production and processing
260 _aNew
_bYork United Nations U. S. A.
_c1974
300 _a"vii, 23p."
_ccm.
650 _aCastor Oil Industry
_9360689
700 _aUnited Nations Industrial Development Organization
942 _h"X9(J585):2, L4/UN"
_cCC
999 _c684385
_d684385